| 000 | 00454 a2200169 4500 | ||
|---|---|---|---|
| 001 | 066071 | ||
| 003 | OSt | ||
| 005 | 20210909144241.0 | ||
| 008 | |||
| 082 |
_a954.03 _bG93S |
||
| 100 | 1 | _aGuha, Ranajit | |
| 245 | 1 |
_aThe small voice of history _cby Ranajit Guha |
|
| 260 |
_aUK _bPermanent Black _c2009 |
||
| 300 | _a666p. | ||
| 690 | _aIndia; British Occupation of India (1765-1947); Historiography | ||
| 942 |
_2ddc _cBK |
||
| 999 |
_c263 _d263 |
||